000 01192nam a22002535i 4500
001 154272
003 ES-MaACL
005 20230906205608.0
008 000117s1846 sp |||| | spa d
040 _aCCPB | B
_bspa
_cCCPB | B
100 1 _aGayo.
_956152
245 1 0 _aGaii institutionum
_b: in codice rescripto bibliothecae capitularis vernensis nuper repertarum = La instituta de Gayo : descubierta recientemente en un palimpsesto de la Biblioteca Capitular de Verona /
_ctraducida por primera vez al castellano con notas que facilitan la inteligencia del testo [sic].
260 _aMatriti = Madrid :
_b[s.n.],
_c1845 (
_fTypis societatis literariae et tipograficae = Imprenta de la Sociedad Literaria y Tipografica)
300 _a336 p. ;
_c22 cm.
490 1 _aBiblioteca de Jurisprudencia y Legislación
546 _aTexto paralelo en latín y castellano.
594 _aEn port. latina aparece "Comentarios IV"
596 _aFecha en cub. 1846.
752 _aEspaña -
_dMadrid
830 0 _aBiblioteca de Jurisprudencia y Legislación
_9187709
852 _aES-MaACL
_jD-401(1)
_z-- Enc. hol.
_z-- Legado Charro Hidalgo
999 _c154272
_d154272